Công cuộc hồi sinh của nước Cộng hòa nhân dân Campuachia (1981-1985)
Sự ra đời của nước cộng hòa nhân dân Campuachia. Sức mạnh hồi sinh. Ảnh hưởng, ý nghĩa và bài học lịch sử của cách mạng Campuchia
Zapisane w:
| 1. autor: | |
|---|---|
| Kolejni autorzy: | |
| Format: | Książka |
| Język: | Vietnamese |
| Wydane: |
Hà Nội
Trường đại học Sư Phạm Hà Nội I
1985
|
| Seria: | Khóa luận tốt nghiệp đại học. Chuyên ngành: Sư phạm Sử
|
| Hasła przedmiotowe: | |
| Etykiety: |
Dodaj etykietę
Nie ma etykietki, Dołącz pierwszą etykiete!
|
| Thư viện lưu trữ: | Mạng thư viện Đại học Đà Nẵng |
|---|
| LEADER | 01227nam a2200325 4500 | ||
|---|---|---|---|
| 001 | 000012702 | ||
| 003 | 9013 | ||
| 005 | 20120227140229.0 | ||
| 008 | 120227s1985 viesd | ||
| 041 | |a vie | ||
| 072 | |a Khóa luận tốt nghiệp | ||
| 082 | |a 909 |b ĐA-H | ||
| 100 | |a Đặng, Thị Hạnh | ||
| 245 | |a Công cuộc hồi sinh của nước Cộng hòa nhân dân Campuachia (1981-1985) |c Đặng, Thị Hạnh | ||
| 260 | |a Hà Nội |b Trường đại học Sư Phạm Hà Nội I |c 1985 | ||
| 300 | |a 74 tr. |c 29 cm | ||
| 490 | |a Khóa luận tốt nghiệp đại học. Chuyên ngành: Sư phạm Sử | ||
| 500 | |a Tham khảo tr.73 | ||
| 520 | |a Sự ra đời của nước cộng hòa nhân dân Campuachia. Sức mạnh hồi sinh. Ảnh hưởng, ý nghĩa và bài học lịch sử của cách mạng Campuchia | ||
| 653 | |a Khóa luận tốt nghiệp đại học | ||
| 653 | |a Khoa Lịch Sử | ||
| 700 | |a Đặng, Thanh Toán |c P.T.S |e Hướng dẫn | ||
| OWN | |a LSP | ||
| 999 | |a From the UDN01 | ||
| TYP | |a Monograph | ||
| TYP | |a Printed language | ||
| 980 | |a Mạng thư viện Đại học Đà Nẵng | ||